zpět

Detail výsledku týmu

Knihovna Assen, Ostrava

Datum a čas kvízu

30 Celkem bodů Celkový počet nahraných bodů na tomto kvízu bez doplňovacích otázek.
3. Pořadí na kvízu Konečné umístění týmu na tomto kvízu.

Zaznamenané odpovědi

# Otázka Odpověď Body Výsledky
1. Jedné z osobností, o níž se v... Roman Prymula 1
2. Strana hájící zájmy původních... Nový Zéland 0
3. V pondělí bylo v pražském hist... Divadlo Lucie Bílé 1
4. Čtenáři serveru Aktuálně.cz hl... T-Mobile 1
5. Uruguayský fotbalista Luis Suá... italštinu 1
6. Podle zdroje vody se rybníky d... říční rybník 0
7. Na obrázku vidíme u nás velmi... okoun 1
8. Jak se jmenuje červeně vyznače... Svět 1
9. Většina rybníků disponuje jist... česle / česlice 1
10. Největším českým rybníkem je s... Lužnice 1